| Tag |
First Indicator |
Second Indicator |
Subfields |
| LEADER |
00000cam a2200000 a 4500 |
| 001 |
in00000089634 |
| 005 |
20151008065442.0 |
| 008 |
820427s1981 dcua b 00010 eng |
| 010 |
|
|
|a 81085998
|
| 020 |
|
|
|a 0309033004 (pbk.) :
|c $7.20
|
| 035 |
|
|
|a (OCoLC)08257922
|
| 035 |
|
|
|9 AAK5974AM
|
| 039 |
0 |
|
|a 2
|b 3
|c 3
|d 3
|e 3
|
| 040 |
|
|
|a DLC
|c DLC
|d TXA
|d UtOrBLW
|
| 049 |
|
|
|a TXAM
|c [1672985]
|
| 050 |
0 |
0 |
|a TE7
|b .N25 no. 240
|a TE279.5
|
| 082 |
0 |
|
|a 625.7 s
|a 711/.74
|2 19
|
| 100 |
1 |
|
|a Roddin, Marc F.
|
| 245 |
1 |
2 |
|a A manual to determine benefits of separating pedestrians and vehicles /
|c Marc F. Roddin.
|
| 264 |
|
1 |
|a Washington, D.C. :
|b Transportation Research Board, National Research Council,
|c 1981.
|
| 300 |
|
|
|a 56 pages :
|b illustrations ;
|c 28 cm.
|
| 336 |
|
|
|a text
|b txt
|2 rdacontent
|
| 337 |
|
|
|a unmediated
|b n
|2 rdamedia
|
| 338 |
|
|
|a volume
|b nc
|2 rdacarrier
|
| 490 |
1 |
|
|a National Cooperative Highway Research Program report,
|x 0077-5614 ;
|v 240
|
| 500 |
|
|
|a "Research sponsored by the American Association of State Highway and Transportation officials in cooperation with the Federal Highway Administration."
|
| 504 |
|
|
|a Bibliography: page 39.
|
| 650 |
|
0 |
|a Pedestrian facilities design.
|
| 650 |
|
0 |
|a Urban transportation.
|
| 710 |
2 |
|
|a American Association of State Highway and Transportation Officials.
|
| 710 |
1 |
|
|a United States.
|b Federal Highway Administration.
|
| 830 |
|
0 |
|a Report (National Cooperative Highway Research Program) ;
|v 240.
|
| 999 |
|
|
|a MARS
|
| 999 |
f |
f |
|s 11075ed8-cf40-31bb-9e43-cc3198990b19
|i 4757baf2-611e-3e79-90e5-6dedc8a40fa1
|t 0
|
| 952 |
f |
f |
|p ric
|a Texas A&M University
|b Rellis Campus
|c Joint Library Facility
|d Remote Storage
|t 0
|e TE7 .N25 no.240
|h Library of Congress classification
|i unmediated -- volume
|m A14829554374
|
| 952 |
f |
f |
|p normal
|a Texas A&M University
|b College Station
|c Sterling C. Evans Library
|d Evans: Library Stacks
|t 0
|e TE7 .N25 no.236-240
|h Library of Congress classification
|i unmediated -- volume
|m A14829413227
|
| 952 |
f |
f |
|a Texas A&M University
|b College Station
|c Sterling C. Evans Library
|d Evans: Library Stacks
|t 0
|e TE7 .N25 no.236-240
|h Library of Congress classification
|
| 998 |
f |
f |
|a TE7 .N25 no.240
|t 0
|l Remote Storage
|
| 998 |
f |
f |
|a TE7 .N25 no.236-240
|t 0
|l Evans: Library Stacks
|